Score 0/18 Timer 03:00
3 Plays Today
% Correct
Ford
96.1%
Kissinger
87.2%
Hudson
87.2%
Fonda
86.6%
Winkler
82.5%
Tudor
80.7%
Thoreau
70.2%
Higgins
69.9%
Mancini
67.6%
% Correct
Aaron
67.5%
Longfellow
64.8%
Clay
56.8%
Stanley
56%
Miller
44.8%
James
39.4%
Moore
34.3%
Longabaugh
27.7%
Temple
20.2%
Remove Ads.
Support Sporcle.
Get the best of Sporcle when you Go Orange. This ad-free experience offers more features, more stats, and more fun while also helping to support Sporcle. Thank you for becoming a member.

You're not logged in!

Compare scores with friends on all Sporcle quizzes.
OR
Log In

Show Comments

Extras

Top Quizzes Today


Score Distribution

Your Account Isn't Verified!

In order to create a playlist on Sporcle, you need to verify the email address you used during registration. Go to your Sporcle Settings to finish the process.

Report this User

Report this user for behavior that violates our Community Guidelines.

Details: